<?xml version="1.0" encoding="UTF-8"?>
<record
    xmlns:xsi="http://www.w3.org/2001/XMLSchema-instance"
    xsi:schemaLocation="http://www.loc.gov/MARC21/slim http://www.loc.gov/standards/marcxml/schema/MARC21slim.xsd"
    xmlns="http://www.loc.gov/MARC21/slim">

  <leader>00892nam a2200289 a 4500</leader>
  <controlfield tag="008">031210s2003    xo a   g         0  slo c</controlfield>
  <datafield tag="020" ind1=" " ind2=" ">
    <subfield code="a">8080631158</subfield>
    <subfield code="c">Dar</subfield>
  </datafield>
  <datafield tag="040" ind1=" " ind2=" ">
    <subfield code="a">SNK</subfield>
    <subfield code="b">slo</subfield>
    <subfield code="c">SNK</subfield>
    <subfield code="e">AACR2</subfield>
  </datafield>
  <datafield tag="041" ind1="1" ind2=" ">
    <subfield code="a">slo</subfield>
  </datafield>
  <datafield tag="044" ind1=" " ind2=" ">
    <subfield code="a">xo</subfield>
    <subfield code="c">SK</subfield>
  </datafield>
  <datafield tag="072" ind1=" " ind2="7">
    <subfield code="a">61</subfield>
    <subfield code="2">SNK</subfield>
  </datafield>
  <datafield tag="080" ind1=" " ind2=" ">
    <subfield code="a">61</subfield>
  </datafield>
  <datafield tag="080" ind1=" " ind2=" ">
    <subfield code="a">(035)</subfield>
  </datafield>
  <datafield tag="080" ind1=" " ind2=" ">
    <subfield code="a">61(035)</subfield>
  </datafield>
  <datafield tag="080" ind1=" " ind2=" ">
    <subfield code="a">616(035)</subfield>
  </datafield>
  <datafield tag="245" ind1="1" ind2="0">
    <subfield code="a">Vademecum medici</subfield>
    <subfield code="c">[hlavn&#xED; zostavovatelia: Miroslav &#x160;a&#x161;inka, &#x160;tefan Nyulassy, Ladislav Badal&#xED;k]</subfield>
  </datafield>
  <datafield tag="250" ind1=" " ind2=" ">
    <subfield code="a">6. preprac., aktualizovan&#xE9;., dopl. a roz&#x161;. vyd.</subfield>
  </datafield>
  <datafield tag="260" ind1=" " ind2=" ">
    <subfield code="a">Martin</subfield>
    <subfield code="b">Osveta</subfield>
    <subfield code="c">c2003</subfield>
  </datafield>
  <datafield tag="300" ind1=" " ind2=" ">
    <subfield code="a">2252 s.</subfield>
    <subfield code="b">fotogr., sch., tab.</subfield>
    <subfield code="c">21 cm</subfield>
  </datafield>
  <datafield tag="650" ind1="0" ind2="7">
    <subfield code="a">medic&#xED;na praktick&#xE1;</subfield>
    <subfield code="x">pr&#xED;ru&#x10D;ky</subfield>
    <subfield code="2">SNK</subfield>
  </datafield>
  <datafield tag="650" ind1="0" ind2="7">
    <subfield code="a">medic&#xED;na</subfield>
    <subfield code="2">SNK</subfield>
  </datafield>
  <datafield tag="650" ind1="0" ind2="7">
    <subfield code="a">Lek&#xE1;rske vedy. Medic&#xED;na</subfield>
    <subfield code="2">SNK</subfield>
  </datafield>
  <datafield tag="700" ind1="1" ind2=" ">
    <subfield code="a">&#x160;a&#x161;inka, Miroslav</subfield>
    <subfield code="d">1935-</subfield>
    <subfield code="4">com</subfield>
  </datafield>
  <datafield tag="700" ind1="1" ind2=" ">
    <subfield code="a">Nyulassi, &#x160;tefan</subfield>
    <subfield code="4">com</subfield>
  </datafield>
  <datafield tag="700" ind1="1" ind2=" ">
    <subfield code="a">Badal&#xED;k, Ladislav</subfield>
    <subfield code="d">1938-</subfield>
    <subfield code="4">com</subfield>
  </datafield>
  <datafield tag="958" ind1=" " ind2=" ">
    <subfield code="a">APP</subfield>
  </datafield>
  <datafield tag="999" ind1=" " ind2=" ">
    <subfield code="c">19917</subfield>
    <subfield code="d">19917</subfield>
  </datafield>
  <datafield tag="952" ind1=" " ind2=" ">
    <subfield code="0">0</subfield>
    <subfield code="1">0</subfield>
    <subfield code="2">udc</subfield>
    <subfield code="4">0</subfield>
    <subfield code="7">0</subfield>
    <subfield code="8">D</subfield>
    <subfield code="a">10000</subfield>
    <subfield code="b">10000</subfield>
    <subfield code="d">2019-11-29</subfield>
    <subfield code="i">18 403</subfield>
    <subfield code="l">2</subfield>
    <subfield code="o">V278</subfield>
    <subfield code="p">V278</subfield>
    <subfield code="q">2026-05-22</subfield>
    <subfield code="r">2026-04-22</subfield>
    <subfield code="s">2026-04-22</subfield>
    <subfield code="w">2019-11-29</subfield>
    <subfield code="y">OLDO</subfield>
  </datafield>
</record>
